Organizational behavir (2) (Record no. 853267)

MARC details
000 -LEADER
fixed length control field 00315nam a2200133Ia 4500
008 - FIXED-LENGTH DATA ELEMENTS--GENERAL INFORMATION
fixed length control field 230818s9999 xx 000 0 und d
041 ## - LANGUAGE CODE
Language code of text/sound track or separate title eng
100 ## - MAIN ENTRY--PERSONAL NAME
Personal name Luthans
245 ## - TITLE STATEMENT
Title Organizational behavir (2)
260 ## - PUBLICATION, DISTRIBUTION, ETC.
Name of publisher, distributor, etc. Mc Grawhill Pub.
300 ## - PHYSICAL DESCRIPTION
Extent 574p
520 ## - SUMMARY, ETC.
Summary, etc. General
650 ## - SUBJECT ADDED ENTRY--TOPICAL TERM
Topical term or geographic name entry element Organizational Behavior
Holdings
Withdrawn status Lost status Damaged status Not for loan Home library Current library Date acquired Source of acquisition Cost, normal purchase price Total Checkouts Barcode Date last seen Price effective from Koha item type
        College of Hotel & Tourism Management Studies, Navi Mumbai College of Hotel & Tourism Management Studies, Navi Mumbai 18/08/2023 Bhaktivedanta Book 699.00   HMM-A1536 18/08/2023 18/08/2023 Book